| 000 | 00670nam a22002177a 4500 | ||
|---|---|---|---|
| 005 | 20170124110148.0 | ||
| 010 | _aB-159060 | ||
| 020 |
_c895.00 _a978817648924 |
||
| 035 | _aB-159060 | ||
| 037 | _bCen Lib/Ret | ||
| 040 |
_aDPL _bEN |
||
| 082 |
_a660.6 _bBAN |
||
| 100 |
_aBanerjee, Meenakshi _933775 |
||
| 245 |
_aBiotechnology : _cby Meenakshi Banerjee _ba glossary / |
||
| 260 |
_aNew Delhi _bA. P. H. Publishing Corporation _c2005 |
||
| 270 |
_bNew Delhi _a5, Ansari Road, Darya Ganj _e110002 |
||
| 300 |
_aviii,337p. _c22cm(Hb) |
||
| 650 |
_aBiotechnology _933776 |
||
| 650 |
_aBiochemical engineering _933777 |
||
| 942 |
_2ddc _cEN _h660.6 _mBAN |
||
| 999 |
_c132127 _d132127 |
||